Statistiken für Bundesland nach Bild

Klicken Sie hier um das Quiz zu spielen!

Allgemein

  • Dieses Quiz wurde 172 mal gespielt
  • Das Durchschnittsergebnis liegt bei 11 aus 16

Antwortstatistiken

Antwort% Korrekt
Bremen
97%
Bayern
91%
Nordrhein-Westfalen
89%
Berlin
79%
Mecklenburg-Vorpommern
79%
Schleswig-Holstein
79%
Hamburg
74%
Sachsen
70%
Niedersachsen
67%
Hessen
66%
Thüringen
63%
Sachsen-Anhalt
61%
Saarland
58%
Rheinland-Pfalz
57%
Baden-Würtemberg
50%
Brandenburg
45%

Verteilung der Resultate

Perzentil nach korrekt beantworteten Fragen

Anzahl Personen mit jedem Resultat

Ihre Resultats-Entwicklung

Sie haben dieses Quiz noch nicht gespielt